000
00256nam a2200109Ia 4500
008
140130s9999 xx 000 0 und d
245
_c
Cowley, Joy
_a
Apple banna cherry
260
_b
Scholastic,
_c
2000
521
_a
Grade 1
942
_c
BK
999
_c
40082
_d
40082